Casos prc̀ticos de ISR e IETU para personas fs̕icas con actividades empresariales

Bibliographic Details
Main Author: Luna Guerra, Antonio
Format: eBook
Language:Spanish
Published: Mx̌ico D.F. : Ediciones Fiscales ISEF, 2011
Subjects:
Online Access:http://www.vlex.com/source/10975

MARC

LEADER 00000nam a22000007a 4500
005 20130404153506.0
007 cr|||| ||||
008 130404e2011 mx |||||s|||| 00||0 spa d
020 |a 978-607-406-266-3  
035 |a 10975 
040 |a vLex 
090 |c 4109  |d 4109 
100 1 0 |a Luna Guerra, Antonio 
245 1 0 |a Casos prc̀ticos de ISR e IETU para personas fs̕icas con actividades empresariales  |c / Antonio Luna Guerra   |h [Recurso electrn̤ico] 
256 |a Servicio en ln̕ea 
260 |a Mx̌ico D.F. :  |b Ediciones Fiscales ISEF,   |c 2011 
300 |a 1 Recurso electrn̤ico 
506 |a Contenido solo disponible en los productos indicadados 
650 0 4 |a Derecho tributario  |z Mx̌ico 
740 |a vLex Libros (Servicio en ln̕ea) 
856 |a Acceso restringido  |u http://www.vlex.com/source/10975 
942 |c BOOK 
999 0 |a Taxation